| 000 | 00438nam a2200157Ia 4500 | ||
|---|---|---|---|
| 008 | 220216s9999 xx 000 0 und d | ||
| 100 | _aBouychou J G | ||
| 245 | 0 | _aWhite root disease of Hevea in Africa, especially in the Ivory coast | |
| 260 |
_bRubber Research Institute of Ceylon Bulletin _c1966 |
||
| 300 | _a34-36 | ||
| 650 | _aAfrica | ||
| 650 | _aHevea | ||
| 650 | _aIvory coast | ||
| 650 | _aWhite root disease | ||
| 942 | _cJS | ||
| 999 |
_c72400 _d72400 |
||